| 000 | 01709nam a2200241Ia 4500 | ||
|---|---|---|---|
| 001 | B7093-52321 | ||
| 003 | IT-MiCISF | ||
| 005 | 20250212125849.0 | ||
| 008 | 161014s9999||||xx |||||||||||||| ||und|| | ||
| 040 |
_aIT-MiCISF _cIT-MiCISF |
||
| 041 | _ait | ||
| 100 |
_aForum ANIA consumatori - Università degli Studi di Milano _957542 |
||
| 245 | 0 |
_aLa famiglia al tempo della crisi. _bTra vulnerabilità economica e nuove forme di tutela |
|
| 260 |
_a Milano, _bFranco Angeli, _c2014 |
||
| 300 | _app. 183 | ||
| 500 | _afamiglia, stratificazione-sociale, politiche-sociali, territorio, esperienze | ||
| 520 | _a Crisi economica, crisi del welfare e contrazione dei redditi: un mix di fattori che rende le famiglie sempre più esposte a shock di varia natura, che ne possono compromettere la stabilità finanziaria. Il secondo monitoraggio sulla vulnerabilità economica delle famiglie italiane, condotto dall'Università degli Studi di Milano per il Forum ANIA - Consumatori, descrive l'evoluzione dell'"Indice di vulnerabilità" ed evidenzia i principali fattori di rischio, fornendo un quadro oggettivo e misurabile dei cambiamenti in atto nella nostra società.Inoltre, all'interno del volume vengono approfondite le cause, i sintomi, le caratteristiche della vulnerabilità, che sempre più tocca le famiglie del cosiddetto ceto medio, con particolare attenzione alle politiche innovative in termini di concreta integrazione tra pubblico e privato, che rispondono in maniera più efficace ai bisogni sociali rispetto alle alternative esistenti. | ||
| 650 | _afamiglia | ||
| 654 | _asaggio | ||
| 700 |
_aAnderloni L., Vandone D., Maino F., Benzi E.B. _961496 |
||
| 942 |
_cBK _2ddc |
||
| 999 |
_c209885 _d209885 |
||
| 999 | _bsi | ||